Countries where casinos are legalized - Statistics

General Stats
  • This quiz has been taken 140 times
    130 since last reset
  • The average score is 36 of 75
Answer Stats
Hint Answer % Correct
Europe United Kingdom
84%
Europe France
83%
Europe Germany
81%
Europe Spain
77%
Europe Russia
76%
Europe Monaco
75%
Europe Italy
74%
Europe Portugal
72%
S.America Argentina
71%
Oceania Australia
71%
S.America Chile
71%
S.America Peru
70%
S.America Colombia
68%
Europe Netherlands
68%
S.America Bolivia
67%
Oceania New Zealand
67%
N.America Costa Rica
66%
Europe Denmark
66%
Europe Poland
66%
S.America Uruguay
66%
S.America Ecuador
65%
Europe Finland
64%
N.America Panama
64%
S.America Paraguay
64%
N.America Honduras
61%
N.America Bahamas
60%
N.America Haiti
60%
Africa South Africa
60%
Asia South Korea
60%
Asia Singapore
59%
S.America Suriname
58%
Europe Estonia
57%
Europe Romania
54%
N.America Saint Kitts and Nevis
53%
N.America Antigua and Barbuda
52%
Asia Indonesia
50%
Asia Malaysia
50%
Europe Slovakia
50%
Europe Bulgaria
49%
N.America Saint Vincent and the Grenadines
48%
Europe Turkey
47%
Europe Malta
46%
Africa Niger
46%
Africa Egypt
45%
Africa Nigeria
45%
Asia Vietnam
45%
Africa Kenya
39%
Asia Laos
38%
Europe Bosnia and Herzegovina
37%
Asia Cambodia
37%
Africa Morocco
37%
Asia Philippines
36%
Europe Macedonia
34%
Africa Tunisia
31%
Africa Zambia
31%
Africa Zimbabwe
31%
Africa Ghana
29%
Africa Lesotho
27%
Africa Botswana
26%
Oceania Palau
26%
Africa Senegal
26%
Africa Togo
24%
Oceania Vanuatu
24%
Africa Mauritius
23%
Asia Nepal
22%
Africa Seychelles
22%
Africa Benin
21%
Africa Gabon
21%
Africa Côte d'Ivoire
20%
Africa Madagascar
20%
Africa Comoros
19%
Africa Swaziland
18%
Africa Gambia
17%
Africa Liberia
17%
Africa Djibouti
12%
No matching quizzes found
Score Distribution
Percent of People with Each Score
Percentile by Number Answered
Your Score History
You have not taken this quiz since the last reset